000 00684nam a2200229 a 4500
001 61267
003 BD-RjUL
005 20211209080936.0
008 170116s1964 enk 001 0 eng
035 _a(BD-RjUL)61391
040 _aDLC
_cDLC
_dBD-RjUL
_beng
041 _aeng
082 0 0 _a651
_223
_bMIA 1964
245 1 0 _aApplications of O & M /
_c edited by G. E. Milward on behalf of the Organisation and Methods Training Council.
260 _aLondon :
_bMacDonald and Evans,
_cc1964.
300 _axxi, 200 p. ;
_c22 cm.
500 _aInclude index
650 0 _aOffice management.
_9182387
700 _aMilward G. E.
_9182737
942 _2ddc
_cBK
999 _c61267
_d61267